[Event "Chinese Chess League 2019"]
[Site "Shen Yang"]
[Date "2019.12.07"]
[Round "22.6"]
[White "Xu, Xiangyu"]
[Black "Yu, Yangyi"]
[Result "1/2-1/2"]
[WhiteElo "2583"]
[BlackElo "2753"]
[Annotator "TA"]
[PlyCount "66"]
[EventDate "2019.04.09"]
[EventType "team-tourn"]
[EventCountry "CHN"]
[SourceTitle "playchess.com"]
[Source "ChessBase"]
[SourceQuality "1"]

{[%evp 9,66,8,9,10,10,12,14,14,21,15,29,27,24,0,12,0,6,3,7,7,14,0,0,0,0,0,0,0,0,0,0,-8,0,0,0,0,0,0,0,7,29,20,14,22,27,18,21,20,24,14,34,0,56,-22,-21,-21,0,0,0]} 1. d4 Nf6 2. Bf4 d5 3. e3 Bf5 4. Bd3 Bxd3 5. cxd3 (5. Qxd3 e6 6. Nf3 c5 7. dxc5 Na6 8. c6 Qa5+ 9. Nbd2 bxc6 10. O-O Nc5 11. Qe2 Qb6 12. Nb3 Be7 13. Nxc5 Bxc5 14. c4 {1-0 (50) Zhao,J (2634)-Wei,Y (2700) China 2016}) 5... e6 6. Qb3 {D00: 1 d4 d5: Unusual lines} b6 7. Nc3 {Black should prevent Nb5.} Bd6 8. Bxd6 cxd6 $146 ({Predecessor:} 8... Qxd6 9. Nf3 a6 10. e4 dxe4 11. dxe4 Qe7 12. e5 {1-0 (24) Owens,J (1901)-Stadler,P (1478) LSS email 2012}) 9. Nf3 O-O 10. Rc1 Qd7 11. O-O Nc6 12. e4 Na5 13. Qd1 Rac8 14. Re1 Rfd8 15. h3 h6 16. Nh4 dxe4 17. dxe4 b5 {[%cal Bb6b5,Bb5b4][%mdl 32]} 18. d5 b4 19. dxe6 fxe6 20. Nb1 Rxc1 21. Qxc1 Qc6 22. Qd2 Qb6 ({Don't blunder} 22... Nxe4 $2 23. Qxb4 Nc4 24. b3 $18) 23. Qe2 Nc6 24. Nd2 Ne5 25. Nhf3 Nfd7 26. Rc1 Rf8 27. b3 a5 28. Rc2 Kh7 29. Kh2 Qa7 30. Kg1 a4 (30... Qb6 $11) 31. Qb5 (31. Nxe5 $14 Nxe5 32. bxa4) 31... axb3 $11 {The position is equal.} 32. axb3 Rb8 33. Qe2 Rf8 {Accuracy: White = 62%, Black = 69%.} 1/2-1/2

[Event "Chinese Chess League 2019"]
[Site "Shen Yang"]
[Date "2019.12.07"]
[Round "22.7"]
[White "Dubov, Daniil"]
[Black "Li, Chao b"]
[Result "1/2-1/2"]
[WhiteElo "2690"]
[BlackElo "2687"]
[Annotator "TA"]
[PlyCount "60"]
[EventDate "2019.04.09"]
[EventType "team-tourn"]
[EventCountry "CHN"]
[SourceTitle "playchess.com"]
[Source "ChessBase"]
[SourceQuality "1"]

{[%evp 11,60,0,-8,-5,0,-16,-14,-21,-4,-7,0,5,42,40,14,0,0,0,14,0,21,30,40,40,40,39,39,39,50,53,51,45,62,45,70,73,190,171,161,21,21,22,59,49,49,0,0,0,7,0,0]} 1. d4 d5 2. Nf3 Nf6 3. g3 g6 4. Bg2 Bg7 5. O-O O-O 6. Bf4 c5 7. dxc5 {D02: 1 d4 d5 2 Nf3 sidelines, including 2...Nf6 3 g3 and 2...Nf6 3 Bf4} Na6 {[%cal Bb8a6,Ba6c5,Bc5e4][%mdl 32]} 8. c6 bxc6 9. c4 Nc5 $146 ({Predecessor:} 9... Ng4 10. Nc3 e5 11. Bg5 f6 12. Bc1 d4 13. Na4 Be6 14. b3 Qe7 {0-1 (38) Romanishin,O (2533)-Howell,D (2622) Wijk aan Zee 2009}) 10. Nc3 Bb7 11. Rc1 Nfe4 12. Nxe4 Nxe4 13. cxd5 cxd5 14. Bc7 Qd7 15. Be5 {White wants to play Rc7.} Bxe5 16. Nxe5 Qd6 17. Qd4 f6 18. Nd3 e5 19. Qa4 f5 20. Rfd1 Rf7 21. e3 Rd8 22. Qa5 Re7 23. Nc5 d4 (23... Nxc5 $16 24. Rxc5 Red7) 24. Nxb7 $18 Rxb7 {[#]} 25. exd4 (25. f3 $1 $18 {[%cal Rf3e4]} Nf6 26. f4 {[%mdl 64] Discovered Attack}) 25... exd4 $11 26. Rc6 Qd7 27. Bf1 Qe7 28. Bc4+ (28. Ba6 $5 {[%cal Ra6b7]} Rbd7 29. Bd3 $14) 28... Kg7 $1 {The position is equal.} 29. Re6 Qc7 30. Qxc7+ Rxc7 {Accuracy: White = 58%, Black = 46%.} 1/2-1/2

[Event "Chinese Chess League 2019"]
[Site "Shen Yang"]
[Date "2019.12.07"]
[Round "22.8"]
[White "Liu, Guanchu"]
[Black "Wang, Yiye"]
[Result "0-1"]
[WhiteElo "2432"]
[BlackElo "2439"]
[Annotator "ChessBase"]
[PlyCount "204"]
[EventDate "2019.04.09"]
[EventType "team-tourn"]
[EventCountry "CHN"]
[SourceTitle "playchess.com"]
[Source "ChessBase"]
[SourceQuality "1"]
[TimeControl "5400+30"]

1. e4 {[%emt 0:00:00]} e6 {[%emt 0:00:24]} 2. d4 {[%emt 0:00:00]} d5 {[%emt 0:00:09]} 3. Nd2 {[%emt 0:00:06]} c5 {[%emt 0:03:34]} 4. exd5 {[%emt 0:00:50]} Qxd5 {[%emt 0:01:56]} 5. dxc5 {[%emt 0:00:17]} Bxc5 {[%emt 0:05:25]} 6. Ngf3 {[%emt 0:00:42]} Nf6 {[%emt 0:05:59]} 7. Bc4 {[%emt 0:00:28]} Qc6 {[%emt 0:14:39]} 8. Qe2 {[%emt 0:01:23]} Nbd7 {[%emt 0:00:24]} 9. O-O {[%emt 0:00:29]} O-O {[%emt 0:00:49]} 10. Nb3 {[%emt 0:02:19]} b6 {[%emt 0:04:11]} 11. Nfd4 {[%emt 0:13:52]} Bxd4 {[%emt 0:07:39]} 12. Nxd4 {[%emt 0:00:10]} Qc5 {[%emt 0:00:03]} 13. Nb3 {[%emt 0:13:47]} Qc7 {[%emt 0:06:17]} 14. Bg5 {[%emt 0:05:32]} Bb7 {[%emt 0:00:41]} 15. Rad1 {[%emt 0:02:41]} Rac8 {[%emt 0:20:32]} 16. Bb5 {[%emt 0:02:08]} Bd5 {[%emt 0:08:20]} 17. Nd4 {[%emt 0:07:10]} h6 {[%emt 0:02:31]} 18. Bc1 {[%emt 0:14:09]} Nc5 {[%emt 0:06:04]} 19. Rfe1 {[%emt 0:08:28]} Qb7 {[%emt 0:03:57]} 20. Qf1 {[%emt 0:00:37]} a6 {[%emt 0:01:11]} 21. Be2 {[%emt 0:00:33]} b5 {[%emt 0:00:08]} 22. c4 {[%emt 0:01:31]} bxc4 {[%emt 0:01:50]} 23. Bxc4 {[%emt 0:00:04]} Rfd8 {[%emt 0:01:12]} 24. h3 {[%emt 0:01:42]} Bxc4 {[%emt 0:01:42]} 25. Qxc4 {[%emt 0:00:06]} Qd5 {[%emt 0:01:10]} 26. Qxd5 {[%emt 0:00:27]} Rxd5 {[%emt 0:00:05]} 27. b4 {[%emt 0:05:45]} Na4 {[%emt 0:01:48]} 28. Nb3 {[%emt 0:00:41]} Rc2 {[%emt 0:00:45]} 29. a3 {[%emt 0:00:03]} Nc3 {[%emt 0:00:28]} 30. Rd2 {[%emt 0:01:43]} Rdxd2 {[%emt 0:00:30]} 31. Bxd2 {[%emt 0:00:06]} Nfd5 {[%emt 0:00:18]} 32. Bxc3 {[%emt 0:05:28]} Rxc3 {[%emt 0:00:04]} 33. Rb1 {[%emt 0:00:03]} Nb6 {[%emt 0:00:21]} 34. g3 {[%emt 0:03:16]} g5 {[%emt 0:00:11]} 35. Kg2 {[%emt 0:02:07]} Kg7 {[%emt 0:00:04]} 36. b5 {[%emt 0:00:20]} axb5 {[%emt 0:00:05]} 37. Nd4 {[%emt 0:00:03]} Rxa3 {[%emt 0:00:49]} 38. Rxb5 {[%emt 0:00:06]} Nd5 {[%emt 0:00:44]} 39. h4 {[%emt 0:00:47]} Ra4 {[%emt 0:01:35]} 40. Nf3 {[%emt 0:01:26]} Kf6 {[%emt 0:00:46]} 41. hxg5+ {[%emt 0:00:11]} hxg5 {[%emt 0:00:03]} 42. Rb2 {[%emt 0:00:49]} Nc3 {[%emt 0:00:34]} 43. Rc2 {[%emt 0:00:24]} Ne4 {[%emt 0:00:24]} 44. Nd2 {[%emt 0:00:07]} Nd6 {[%emt 0:00:04]} 45. Rc6 {[%emt 0:00:28]} Nf5 {[%emt 0:00:18]} 46. Rc2 {[%emt 0:00:22]} Rd4 {[%emt 0:00:30]} 47. Nf3 {[%emt 0:00:31]} Rd1 {[%emt 0:00:22]} 48. Rd2 {[%emt 0:00:08]} Ra1 {[%emt 0:01:17]} 49. Nd4 {[%emt 0:00:12]} Ne7 {[%emt 0:00:22]} 50. Nb5 {[%emt 0:00:47]} Nd5 {[%emt 0:00:50]} 51. Rd3 {[%emt 0:00:08]} Kg6 {[%emt 0:00:45]} 52. Nd6 {[%emt 0:00:08]} Ra2 {[%emt 0:00:22]} 53. Nc4 {[%emt 0:00:17]} Kg7 {[%emt 0:00:42]} 54. Ne3 {[%emt 0:00:18]} Nf6 {[%emt 0:00:23]} 55. Rd4 {[%emt 0:00:12]} Rb2 {[%emt 0:00:30]} 56. Rc4 {[%emt 0:00:06]} Rd2 {[%emt 0:00:18]} 57. Rc2 {[%emt 0:00:13]} Rxc2 {[%emt 0:00:07]} 58. Nxc2 {[%emt 0:00:03]} g4 {[%emt 0:00:06]} 59. Ne3 {[%emt 0:04:53]} Kg6 {[%emt 0:00:04]} 60. Nc4 {[%emt 0:00:31]} Nd7 {[%emt 0:00:07]} 61. Kf1 {[%emt 0:00:40]} f5 {[%emt 0:00:08]} 62. Ke2 {[%emt 0:00:38]} Kf6 {[%emt 0:00:06]} 63. Nd6 {[%emt 0:00:19]} Ke5 {[%emt 0:00:53]} 64. Nc4+ {[%emt 0:00:15]} Kd4 {[%emt 0:00:11]} 65. Nd6 {[%emt 0:00:07]} Nb6 {[%emt 0:00:34]} 66. Nb5+ {[%emt 0:00:21]} Ke5 {[%emt 0:00:42]} 67. Nc7 {[%emt 0:00:13]} Na4 {[%emt 0:00:23]} 68. Nb5 {[%emt 0:00:11]} Ke4 {[%emt 0:00:20]} 69. Nc7 {[%emt 0:00:49]} e5 {[%emt 0:01:12]} 70. Nb5 {[%emt 0:01:21]} Kd5 {[%emt 0:01:18]} 71. Ke3 {[%emt 0:01:11]} Nb6 {[%emt 0:00:10]} 72. Ke2 {[%emt 0:01:22]} Nc4 {[%emt 0:01:12]} 73. Nc7+ {[%emt 0:00:11]} Kc6 {[%emt 0:00:48]} 74. Na6 {[%emt 0:00:12]} Nd6 {[%emt 0:00:10]} 75. Nb4+ {[%emt 0:00:20]} Kc5 {[%emt 0:00:05]} 76. Nd3+ {[%emt 0:00:12]} Kd4 {[%emt 0:00:05]} 77. Nb4 {[%emt 0:00:02]} Nc4 {[%emt 0:00:39]} 78. Na6 {[%emt 0:01:14]} f4 {[%emt 0:01:57]} 79. gxf4 {[%emt 0:01:13]} exf4 {[%emt 0:00:04]} 80. Nc7 {[%emt 0:00:56]} Ke4 {[%emt 0:00:27]} 81. Ne6 {[%emt 0:01:04]} f3+ {[%emt 0:00:27]} 82. Ke1 {[%emt 0:00:30]} Ke5 {[%emt 0:00:58]} 83. Nc5 {[%emt 0:00:13]} Kd4 {[%emt 0:00:34]} 84. Ne6+ {[%emt 0:00:18]} Kd3 {[%emt 0:00:18]} 85. Nc5+ {[%emt 0:01:44]} Kd4 {[%emt 0:00:16]} 86. Ne6+ {[%emt 0:00:04]} Kd5 {[%emt 0:00:33]} 87. Nf4+ {[%emt 0:00:41]} Ke5 {[%emt 0:00:15]} 88. Nd3+ {[%emt 0:01:03]} Kd4 {[%emt 0:00:30]} 89. Nf4 {[%emt 0:00:12]} Ne5 {[%emt 0:00:26]} 90. Kd2 {[%emt 0:01:50]} Ke4 {[%emt 0:00:27]} 91. Ne6 {[%emt 0:00:05]} g3 {[%emt 0:00:53]} 92. fxg3 {[%emt 0:03:08]} Nc4+ {[%emt 0:00:04]} 93. Kd1 {[%emt 0:00:26]} Ke3 {[%emt 0:00:49]} 94. Nf4 {[%emt 0:01:11]} f2 {[%emt 0:01:00]} 95. Ng2+ {[%emt 0:00:05]} Kf3 {[%emt 0:00:14]} 96. Nh4+ {[%emt 0:00:17]} Kxg3 {[%emt 0:00:13]} 97. Nf5+ {[%emt 0:00:09]} Kf3 {[%emt 0:00:43]} 98. Nh4+ {[%emt 0:00:08]} Kg3 {[%emt 0:00:33]} 99. Nf5+ {[%emt 0:00:05]} Kg2 {[%emt 0:00:46]} 100. Nh4+ {[%emt 0:00:05]} Kf1 {[%emt 0:00:31]} 101. Nf3 {[%emt 0:01:15]} Ne3+ {[%emt 0:00:20]} 102. Kd2 {[%emt 0:00:22]} Kg2 {[%emt 0:00:08]} 0-1

[Event "Chinese Chess League 2019"]
[Site "Shen Yang"]
[Date "2019.12.07"]
[Round "22.9"]
[White "Song, Yuxin"]
[Black "Li, Yunshan"]
[Result "1/2-1/2"]
[WhiteElo "2284"]
[BlackElo "2287"]
[Annotator "TA"]
[PlyCount "60"]
[EventDate "2019.04.09"]
[EventType "team-tourn"]
[EventCountry "CHN"]
[SourceTitle "playchess.com"]
[Source "ChessBase"]
[SourceQuality "1"]

{[%evp 20,60,24,18,26,10,16,8,29,22,25,0,0,3,28,0,0,0,0,0,0,0,0,0,0,0,0,0,0,0,0,0,0,0,0,0,0,0,0,-11,0,-17,0]} 1. e4 e5 2. Nf3 Nc6 3. Bb5 Nf6 4. O-O Nxe4 5. Re1 Nd6 6. Nxe5 Be7 7. Bf1 Nxe5 8. Rxe5 O-O 9. d4 Bf6 10. Re1 Nf5 11. c3 d5 {C67: Ruy Lopez: Berlin Defence: 4 0-0 Nxe4} 12. Bf4 c6 13. Nd2 {[#]} Be7 $146 ({Predecessor:} 13... Nh4 14. Bd3 Bf5 15. Bxf5 Nxf5 16. Nf3 Nh4 17. Nxh4 Bxh4 18. Qg4 Bf6 19. Be5 Bxe5 20. Rxe5 {½-½ (39) Ni,H (2670)-Jakovenko,D (2732) China 2018}) 14. h3 Bd6 15. Bxd6 Nxd6 16. Bd3 Qf6 17. Qf3 (17. Re5 {feels hotter.} Re8 18. Qe2 Bf5 19. Re1 g6 20. c4) 17... Qxf3 {The position is equal.} 18. Nxf3 Bf5 19. Bxf5 Nxf5 20. Re5 Nd6 21. Re7 Rfe8 22. Rae1 Rad8 23. Rxe8+ Rxe8 24. Rxe8+ Nxe8 $11 {[%mdl 4096] Endgame KN-KN} 25. Kf1 f6 26. Ke2 Kf7 27. Kd3 Nd6 28. Nd2 Ke6 29. b3 Nf5 30. Nf3 Nd6 {Accuracy: White = 37%, Black = 67%.} 1/2-1/2

[Event "Chinese Chess League 2019"]
[Site "Shen Yang"]
[Date "2019.12.07"]
[Round "22.10"]
[White "Wang, Yu A."]
[Black "Atalik, Ekaterina"]
[Result "1/2-1/2"]
[WhiteElo "2275"]
[BlackElo "2462"]
[Annotator "ChessBase"]
[PlyCount "61"]
[EventDate "2019.04.09"]
[EventType "team-tourn"]
[EventCountry "CHN"]
[SourceTitle "playchess.com"]
[Source "ChessBase"]
[SourceQuality "1"]
[TimeControl "5400+30"]

1. e4 {[%emt 0:00:00]} c6 {[%emt 0:00:00]} 2. Nc3 {[%emt 0:00:00]} d5 {[%emt 0:00:00]} 3. Nf3 {[%emt 0:00:00]} Bg4 {[%emt 0:00:20]} 4. h3 {[%emt 0:00:00]} Bxf3 {[%emt 0:00:07]} 5. Qxf3 {[%emt 0:00:00]} e6 {[%emt 0:00:21]} 6. d4 {[%emt 0:00:03]} dxe4 {[%emt 0:01:43]} 7. Qxe4 {[%emt 0:00:10]} Nf6 {[%emt 0:00:26]} 8. Qd3 {[%emt 0:00:08]} Qc7 {[%emt 0:01:02]} 9. g3 {[%emt 0:04:08]} Bd6 {[%emt 0:01:21]} 10. Bg2 {[%emt 0:00:41]} Nbd7 {[%emt 0:00:29]} 11. O-O {[%emt 0:01:50]} O-O {[%emt 0:00:30]} 12. Ne4 {[%emt 0:08:23]} Nxe4 {[%emt 0:00:57]} 13. Qxe4 {[%emt 0:00:15]} e5 {[%emt 0:02:03]} 14. dxe5 {[%emt 0:08:40]} Bxe5 {[%emt 0:05:26]} 15. c3 {[%emt 0:02:24]} Rfe8 {[%emt 0:00:57]} 16. Qf3 {[%emt 0:06:06]} Bf6 {[%emt 0:03:13]} 17. Bf4 {[%emt 0:03:09]} Ne5 {[%emt 0:00:15]} 18. Bxe5 {[%emt 0:04:48]} Rxe5 {[%emt 0:00:13]} 19. Rfe1 {[%emt 0:09:11]} Rae8 {[%emt 0:00:43]} 20. Rxe5 {[%emt 0:00:18]} Qxe5 {[%emt 0:00:24]} 21. Qd3 {[%emt 0:03:12]} g6 {[%emt 0:05:16]} 22. Rd1 {[%emt 0:03:36]} Bd8 {[%emt 0:03:52]} 23. Qe4 {[%emt 0:03:00]} Qxe4 {[%emt 0:02:44]} 24. Bxe4 {[%emt 0:00:05]} Bb6 {[%emt 0:00:08]} 25. Bf3 {[%emt 0:02:32]} Re7 {[%emt 0:00:13]} 26. Kf1 {[%emt 0:00:26]} Kf8 {[%emt 0:00:26]} 27. Re1 {[%emt 0:00:22]} Rxe1+ {[%emt 0:01:33]} 28. Kxe1 {[%emt 0:00:04]} Ke7 {[%emt 0:00:25]} 29. Ke2 {[%emt 0:00:04]} h5 {[%emt 0:00:11]} 30. Be4 {[%emt 0:00:14]} Bc5 {[%emt 0:00:09]} 31. g4 {[%emt 0:00:08]} 1/2-1/2

[Event "Chinese Chess League 2019"]
[Site "Shen Yang"]
[Date "2019.12.07"]
[Round "22.11"]
[White "Ganguly, Surya Shekhar"]
[Black "Xiang, Zeyu"]
[Result "1-0"]
[WhiteElo "2644"]
[BlackElo "2448"]
[Annotator "ChessBase"]
[PlyCount "129"]
[EventDate "2019.04.09"]
[EventType "team-tourn"]
[EventCountry "CHN"]
[SourceTitle "playchess.com"]
[Source "ChessBase"]
[SourceQuality "1"]
[TimeControl "5400+30"]

1. e4 {[%emt 0:00:00]} e5 {[%emt 0:00:00]} 2. Nf3 {[%emt 0:00:00]} Nc6 {[%emt 0:00:00]} 3. d4 {[%emt 0:00:00]} exd4 {[%emt 0:00:00]} 4. Nxd4 {[%emt 0:00:06]} Nf6 {[%emt 0:00:00]} 5. Nxc6 {[%emt 0:00:09]} bxc6 {[%emt 0:00:00]} 6. Nd2 {[%emt 0:00:08]} d5 {[%emt 0:07:05]} 7. exd5 {[%emt 0:00:09]} cxd5 {[%emt 0:00:21]} 8. Bb5+ {[%emt 0:00:06]} Bd7 {[%emt 0:00:15]} 9. Bxd7+ {[%emt 0:00:05]} Qxd7 {[%emt 0:00:12]} 10. O-O {[%emt 0:00:06]} Be7 {[%emt 0:00:18]} 11. b3 {[%emt 0:00:06]} O-O {[%emt 0:00:24]} 12. Bb2 {[%emt 0:00:04]} c5 {[%emt 0:02:13]} 13. Qf3 {[%emt 0:00:46]} Qg4 {[%emt 0:03:24]} 14. Rfe1 {[%emt 0:01:34]} Rfe8 {[%emt 0:07:31]} 15. Rad1 {[%emt 0:02:08]} Qg6 {[%emt 0:08:30]} 16. Bxf6 {[%emt 0:16:45]} Bxf6 {[%emt 0:00:34]} 17. Qxd5 {[%emt 0:00:13]} Qxc2 {[%emt 0:06:08]} 18. Ne4 {[%emt 0:01:05]} Bd4 {[%emt 0:08:19]} 19. Qf5 {[%emt 0:31:31]} Kh8 {[%emt 0:04:01]} 20. Rc1 {[%emt 0:01:58]} g6 {[%emt 0:05:36]} 21. Qf6+ {[%emt 0:01:28]} Bxf6 {[%emt 0:00:17]} 22. Rxc2 {[%emt 0:00:05]} Bd4 {[%emt 0:02:32]} 23. Kf1 {[%emt 0:02:15]} a5 {[%emt 0:13:43]} 24. Rc4 {[%emt 0:04:06]} a4 {[%emt 0:03:14]} 25. Nxc5 {[%emt 0:03:47]} Rxe1+ {[%emt 0:01:42]} 26. Kxe1 {[%emt 0:00:13]} Bxc5 {[%emt 0:01:53]} 27. Rxc5 {[%emt 0:00:07]} axb3 {[%emt 0:00:29]} 28. axb3 {[%emt 0:00:06]} Ra2 {[%emt 0:00:28]} 29. g4 {[%emt 0:01:45]} Rb2 {[%emt 0:01:15]} 30. Rc3 {[%emt 0:04:33]} Kg7 {[%emt 0:07:04]} 31. Rf3 {[%emt 0:04:20]} f5 {[%emt 0:06:26]} 32. gxf5 {[%emt 0:00:53]} gxf5 {[%emt 0:00:35]} 33. Kd1 {[%emt 0:00:08]} Kf6 {[%emt 0:00:32]} 34. Kc1 {[%emt 0:00:11]} Ra2 {[%emt 0:00:56]} 35. b4 {[%emt 0:00:06]} Ke6 {[%emt 0:06:51]} 36. b5 {[%emt 0:00:55]} Ra5 {[%emt 0:02:47]} 37. Rb3 {[%emt 0:00:26]} Kd7 {[%emt 0:00:04]} 38. Kd2 {[%emt 0:01:36]} Kc7 {[%emt 0:01:14]} 39. b6+ {[%emt 0:00:29]} Kb7 {[%emt 0:00:06]} 40. Ke3 {[%emt 0:00:06]} Ra4 {[%emt 0:00:34]} 41. Rb2 {[%emt 0:09:09]} Re4+ {[%emt 0:00:25]} 42. Kf3 {[%emt 0:01:16]} Rh4 {[%emt 0:00:27]} 43. Kg3 {[%emt 0:01:33]} Rg4+ {[%emt 0:00:06]} 44. Kh3 {[%emt 0:00:06]} Rf4 {[%emt 0:00:38]} 45. Kg2 {[%emt 0:01:50]} Rg4+ {[%emt 0:00:06]} 46. Kf1 {[%emt 0:00:04]} Rh4 {[%emt 0:00:36]} 47. f3 {[%emt 0:00:13]} Rh6 {[%emt 0:01:55]} 48. Kg2 {[%emt 0:00:23]} f4 {[%emt 0:01:36]} 49. Rb5 {[%emt 0:03:27]} Rg6+ {[%emt 0:00:24]} 50. Kh3 {[%emt 0:00:02]} Rh6+ {[%emt 0:00:22]} 51. Kg4 {[%emt 0:00:08]} Rxh2 {[%emt 0:00:04]} 52. Kxf4 {[%emt 0:00:05]} h5 {[%emt 0:00:29]} 53. Kg3 {[%emt 0:00:32]} Rh1 {[%emt 0:00:04]} 54. Kg2 {[%emt 0:02:37]} Rh4 {[%emt 0:00:06]} 55. Kg3 {[%emt 0:02:29]} Rh1 {[%emt 0:00:05]} 56. Kf4 {[%emt 0:00:15]} Rh4+ {[%emt 0:00:39]} 57. Kg5 {[%emt 0:00:08]} Rh1 {[%emt 0:00:33]} 58. Rb4 {[%emt 0:00:52]} Rh2 {[%emt 0:01:33]} 59. f4 {[%emt 0:01:12]} h4 {[%emt 0:00:10]} 60. Kg4 {[%emt 0:00:54]} Rh1 {[%emt 0:00:39]} 61. Rb3 {[%emt 0:00:42]} Rf1 {[%emt 0:00:37]} 62. f5 {[%emt 0:00:47]} Rf2 {[%emt 0:00:56]} 63. Rf3 {[%emt 0:00:40]} Rg2+ {[%emt 0:00:20]} 64. Kxh4 {[%emt 0:00:06]} Kxb6 {[%emt 0:00:04]} 65. f6 {[%emt 0:00:16]} 1-0

[Event "Chinese Chess League 2019"]
[Site "Shen Yang"]
[Date "2019.12.07"]
[Round "22.12"]
[White "Wei, Yi"]
[Black "Lin, Yi"]
[Result "1-0"]
[WhiteElo "2724"]
[BlackElo "2425"]
[Annotator "TA"]
[PlyCount "57"]
[EventDate "2019.04.09"]
[EventType "team-tourn"]
[EventCountry "CHN"]
[SourceTitle "playchess.com"]
[Source "ChessBase"]
[SourceQuality "1"]

{[%evp 12,57,13,4,33,23,18,20,22,27,10,22,0,-66,28,28,31,31,46,39,72,78,60,62,56,62,62,66,70,66,64,55,77,60,110,87,95,86,104,97,130,116,122,125,333,332,722,720]} 1. e4 e5 2. Nf3 Nf6 3. Nxe5 d6 4. Nf3 Nxe4 5. Nc3 Nxc3 6. dxc3 Be7 7. Be3 Nc6 {C42: Petroff Defence: 3 Nxe5 and unusual White 3rd moves} 8. Bd3 (8. Qd2 Bf5 9. O-O-O Qd7 10. Bc4 Bf6 11. Nd4 Nxd4 12. Bxd4 Bxd4 13. Qxd4 O-O 14. Rhe1 b6 15. Bd5 Rae8 16. Qc4 {½-½ (30) Vachier Lagrave,M (2774)-Yu,Y (2763) Khanty-Mansiysk 2019}) 8... Bf6 9. h3 Be6 {The position is equal.} 10. Qe2 $146 ({Predecessor:} 10. a3 Ne5 11. Nxe5 Bxe5 12. Qe2 Qe7 13. O-O-O a6 14. f4 Bf6 {1-0 (31) Bradic,R (1942)-Nikolic,V (1949) Pozarevac 2009}) 10... O-O 11. g4 g6 12. O-O-O (12. a3 $11) 12... Re8 ({Black should play} 12... Bxa2 $15 13. h4 a5) 13. Kb1 $11 Rb8 14. Nd2 Bg7 15. Rhe1 b5 16. Bxb5 Bxc3 17. Nb3 ({But not} 17. Bxc6 $2 Bxa2+ $1 {[%mdl 512]} 18. Ka1 (18. Kxa2 $2 Rxb2+ 19. Ka3 Qb8 $19) 18... Rxb2 $19) 17... Bxb3 18. axb3 Bxe1 19. Bxc6 Ba5 20. Bxe8 Qxe8 21. Qf3 Bb6 22. Bd2 Bd4 {[#]} 23. Ba5 $1 c5 24. Bc7 {[%mdl 64] Double Attack} Rc8 25. Bxd6 Rc6 26. Bg3 Rf6 27. Qd3 {And now c3 would win.} Kg7 $2 {[#]} (27... Re6 $16 {is a better defense.} 28. c3 Be5) 28. b4 $1 $18 {[%cal Bb3b4,Bb4c5][%mdl 544] Black must now prevent bxc5.} Qa4 $2 (28... Rc6 29. g5 Qe7) (28... cxb4 29. Qxd4) 29. bxc5 {Accuracy: White = 93%, Black = 41%.} 1-0

[Event "Chinese Chess League 2019"]
[Site "Shen Yang"]
[Date "2019.12.07"]
[Round "22.13"]
[White "Chen, Qi b"]
[Black "Zou, Chen"]
[Result "0-1"]
[WhiteElo "2436"]
[BlackElo "2462"]
[Annotator "ChessBase"]
[PlyCount "82"]
[EventDate "2019.04.09"]
[EventType "team-tourn"]
[EventCountry "CHN"]
[SourceTitle "playchess.com"]
[Source "ChessBase"]
[SourceQuality "1"]
[TimeControl "5400+30"]

1. e4 {[%emt 0:00:00]} c5 {[%emt 0:00:00]} 2. Nf3 {[%emt 0:00:00]} d6 {[%emt 0:00:00]} 3. d4 {[%emt 0:00:00]} cxd4 {[%emt 0:00:00]} 4. Nxd4 {[%emt 0:00:00]} Nf6 {[%emt 0:00:00]} 5. Nc3 {[%emt 0:00:00]} a6 {[%emt 0:00:00]} 6. h3 {[%emt 0:00:00]} e6 {[%emt 0:00:00]} 7. g4 {[%emt 0:00:00]} Nfd7 {[%emt 0:00:01]} 8. g5 {[%emt 0:01:01]} b5 {[%emt 0:00:27]} 9. a3 {[%emt 0:00:05]} Bb7 {[%emt 0:00:04]} 10. Be3 {[%emt 0:01:09]} Be7 {[%emt 0:00:38]} 11. h4 {[%emt 0:00:42]} Nc6 {[%emt 0:00:08]} 12. Qd2 {[%emt 0:02:35]} O-O {[%emt 0:00:24]} 13. O-O-O {[%emt 0:01:57]} Nc5 {[%emt 0:00:13]} 14. f3 {[%emt 0:06:11]} Qc7 {[%emt 0:01:18]} 15. Kb1 {[%emt 0:07:11]} Rab8 {[%emt 0:00:06]} 16. h5 {[%emt 0:10:06]} b4 {[%emt 0:00:25]} 17. axb4 {[%emt 0:21:07]} Nxb4 {[%emt 0:01:08]} 18. g6 {[%emt 0:02:32]} Bf6 {[%emt 0:00:05]} 19. Bh3 {[%emt 0:13:54]} Bc8 {[%emt 0:08:42]} 20. Nb3 {[%emt 0:07:30]} Nbd3 {[%emt 0:04:56]} 21. Bxc5 {[%emt 0:06:16]} Nxc5 {[%emt 0:00:06]} 22. Qxd6 {[%emt 0:00:35]} Qxd6 {[%emt 0:00:04]} 23. Rxd6 {[%emt 0:00:03]} Nxb3 {[%emt 0:00:04]} 24. cxb3 {[%emt 0:00:05]} Rxb3 {[%emt 0:00:03]} 25. Rc1 {[%emt 0:04:25]} Be5 {[%emt 0:12:28]} 26. Rd3 {[%emt 0:08:13]} fxg6 {[%emt 0:08:22]} 27. hxg6 {[%emt 0:00:02]} hxg6 {[%emt 0:00:12]} 28. Ka2 {[%emt 0:01:03]} Rb4 {[%emt 0:01:57]} 29. b3 {[%emt 0:02:14]} Kf7 {[%emt 0:03:33]} 30. Na4 {[%emt 0:03:38]} Ke7 {[%emt 0:06:45]} 31. Rc6 {[%emt 0:01:35]} Rh8 {[%emt 0:15:58]} 32. Bg4 {[%emt 0:01:01]} Rh1 {[%emt 0:01:33]} 33. Nc3 {[%emt 0:00:28]} Rb8 {[%emt 0:03:16]} 34. Rc5 {[%emt 0:00:30]} Rh2+ {[%emt 0:08:13]} 35. Ka3 {[%emt 0:00:05]} Bd6 {[%emt 0:00:42]} 36. Rxd6 {[%emt 0:00:14]} Kxd6 {[%emt 0:00:04]} 37. Rg5 {[%emt 0:00:04]} Rc2 {[%emt 0:04:18]} 38. e5+ {[%emt 0:01:29]} Ke7 {[%emt 0:01:26]} 39. Ne4 {[%emt 0:00:07]} Bb7 {[%emt 0:00:38]} 40. Rxg6 {[%emt 0:01:01]} Bd5 {[%emt 0:00:21]} 41. Rxg7+ {[%emt 0:00:19]} Kf8 {[%emt 0:00:03]} 0-1